For Marx

Althusser escribe Pour Marx con el objetivo de hacer una recuperación del pensamiento de Marx a partir del mismo Marx, es decir, tiene la intención de rescatar al emblemático filósofo Alemán de las diferentes distorsiones ideológicas, surgidas a partir de diferentes interpretaciones. Entre los princ...

Descripció completa

Guardat en:
Dades bibliogràfiques
Autor principal: Althusser, Louis
Format: Llibre
Idioma:Undetermined
Publicat: New York, Estados Unidos Vintage Books 1970
Matèries:
Etiquetes: Afegir etiqueta
Sense etiquetes, Sigues el primer a etiquetar aquest registre!

MARC

LEADER 00000nam a2200000Ia 4500
008 170316s9999 xx 000 0 und d
040 |a cru BVZT 
090 |a 100 A-13f 
100 |a Althusser, Louis 
245 |a For Marx 
260 |a New York, Estados Unidos 
260 |b Vintage Books 
260 |c 1970 
300 |a 271 páginas 
520 |a Althusser escribe Pour Marx con el objetivo de hacer una recuperación del pensamiento de Marx a partir del mismo Marx, es decir, tiene la intención de rescatar al emblemático filósofo Alemán de las diferentes distorsiones ideológicas, surgidas a partir de diferentes interpretaciones. Entre los principales temas que se desarrollan está la ferviente relación con el pensador ilustrado Feuerbach, se analiza la época de producción intelectual conocida como el “Joven Marx”, los manuscritos de 1844, el materialismo dialéctico y la relación marxismo y humanismo. Esta última de gran interés para Althusser 
650 |a FILOSOFÍA  |9 5 
650 |a POLÍTICA  |9 77 
650 |a MARXISMO 
650 |a ESTRUCTURALISMO 
999 |c 15461  |d 15461 
942 |c 15 D  |h 100 A-13f  |2 z